000 00559nam a2200205Ia 4500
005 20250508160719.0
008 008 250505s9999 xx 000 0 eng d
037 _aTextual
040 _aFEDL
_beng
_cFEDL
041 _aeng
_2eng
084 _a371.3, BOS
_qFEDL
100 _aBossing Nelson L
245 0 _aTeaching in secondary schools
250 _a3
260 _aNew Delhi, India
_bPublishing Co. Pvt. Ltd.
_c1963
300 _axii,558p
650 _aTeaching Technique
942 _cTEXL
_h371.3, BOS
999 _c1366175
_d1366175